01325naa#a2200253#i#4500001001600000005001700016011001400033100004100047101000800088102000700096200026600103210013900369215001000508608004500518675007600563686008000639700005800719700005000777700005200827700005800879700006200937700005400999856001801053RU\\bibl\12065520260604001651.4##a2076-0655##a20260605b2026####ek#y0rusy0150####ca0#aRUS##aRU1#aПОВЫШЕНИЕ ДОЛГОВЕЧНОСТИ И ЭКСПЛУАТАЦИОННОЙ НАДЕЖНОСТИ БЕТОНА В ИЗДЕЛИЯХ И КОНСТРУКЦИЯХ ДОРОЖНО-ТРАНСПОРТНОГО НАЗНАЧЕНИЯeЖурнальная статья1#aМоскваcИндивидуальный Предприниматель Самченко Светлана Васильевнаd2026##a9 с.##aЖурнальная статья2local##aСтроительные материалы и изделия. 691zRUS##aСтроительные материалы и изделия. 67.092grnti#1aКиньягуловаgЛияна Фанисовна#1aХафизовgАзамат Азатович#1aНедосекоgАндрей Игоревич#1aЧуйкинgАлександр Евгеньевич#1aСиницинgДмитрий Александрович#1aСтруговецgИгорь Борисович4#atsilicates.ru